Методы геохимических исследований. Ч. 3: Атомно-абсорбционный метод анализа (Запись № 12989975)

Подробности
000 -МАРКЕР
контрольное поле 02335nam2a2200301 4500
001 - ИДЕНТИФИКАТОР ЗАПИСИ
контрольное поле RU\NLR\BIBL_A\022183504
005 - ИДЕНТИФИКАТОР ВЕРСИИ
контрольное поле 20240418114345.0
010 ## - МЕЖДУНАРОДНЫЙ СТАНДАРТНЫЙ НОМЕР КНИГИ (ISBN)
Номер (ISBN) 978-5904787-99-8
021 ## - НОМЕР ГОСУДАРСТВЕННОЙ РЕГИСТРАЦИИ
Код страны Российская Федерация
Номер КН-П-24-010228
Номер Листа государственной регистраци КН-П-24-1056
035 ## - ДРУГИЕ СИСТЕМНЫЕ НОМЕРА
Идентификатор записи (NLR Aleph) 022183504
100 ## - ДАННЫЕ ОБЩЕЙ ОБРАБОТКИ
Данные общей обработки 20240329d2019 u y0rusy50 ca
101 0# - ЯЗЫК РЕСУРСА
Язык текста, звукозаписи и т.д. русский
102 ## - СТРАНА ПУБЛИКАЦИИ ИЛИ ПРОИЗВОДСТВА
Страна публикации Российская Федерация
105 ## - ПОЛЕ КОДИРОВАННЫХ ДАННЫХ: ТЕКСТОВЫЕ МАТЕРИАЛЫ, МОНОГРАФИЧЕСКИЕ
Кодированные данные о монографическом текстовом документе a|||j|||000yy
200 1# - ЗАГЛАВИЕ И СВЕДЕНИЯ ОБ ОТВЕТСТВЕННОСТИ
Основное заглавие Атомно-абсорбционный метод анализа
Первые сведения об ответственности Пчелинцева Н. Ф., Макарова М. А.
Последующие сведения об ответственности ... Кафедра геохимии
210 ## - ПУБЛИКАЦИЯ, РАСПРОСТРАНЕНИЕ И ДР.
Дата издания, распространения и т.д. 2023
215 ## - ФИЗИЧЕСКАЯ ХАРАКТЕРИСТИКА
Специфическое обозначение материала и объем 77 с.
Другие сведения о физической характеристике ил., цв. ил., табл.
320 ## - ПРИМЕЧАНИЯ О НАЛИЧИИ В ДОКУМЕНТЕ БИБЛИОГРАФИИ / УКАЗАТЕЛЯ
Текст примечания Библиогр.: с. 69-70 (27 назв.)
461 #0 - УРОВЕНЬ НАБОРА
Встроенное поле 001RU\NLR\BIBL_A\012093235
-- 2001#$aМетоды геохимических исследований$eучебное пособие$e[для студентов-геохимиков и экологов 3-го курса Геологического факультета МГУ]$fНиколаева И.Ю., Фяйзуллина Р.В., Бычкова Я.В. [и др.]$gМосковский государственный университет имени М.В. Ломоносова, Геологический факультет$vЧ. 3
Системный номер (АБИС) связанной записи 11865314
Место публикации Москва
Дата публикации 2019
Первые сведения об ответственности Николаева И.Ю., Фяйзуллина Р.В., Бычкова Я.В. [и др.]
Имя издателя, распространителя и т.д. Книга-Мемуар
Сведения, относящиеся к заглавию учебное пособие : [для студентов-геохимиков и экологов 3-го курса Геологического факультета МГУ]
Заглавие Методы геохимических исследований
Номер тома Ч. 3
606 1# - НАИМЕНОВАНИЕ ТЕМЫ КАК ПРЕДМЕТ
Наименование темы Геохимические исследования
Формальный подзаголовок Учебные издания для высших учебных заведений
Тематический подзаголовок Атомно-абсорбционные методы
Системный номер авторитетной/нормативной записи 2587133
Идентификатор авторитетной/нормативной записи RU\NLR\AUTH\6601739205
686 1# - ИНДЕКСЫ ДРУГИХ КЛАССИФИКАЦИЙ
Индекс Д31в734.5я73
701 #1 - ИМЯ ЛИЦА - АЛЬТЕРНАТИВНАЯ ОТВЕТСТВЕННОСТЬ
Начальный элемент ввода Пчелинцева
Часть имени, кроме начального элемента ввода Н. Ф.
Расширение инициалов личного имени Нина Федоровна
701 #1 - ИМЯ ЛИЦА - АЛЬТЕРНАТИВНАЯ ОТВЕТСТВЕННОСТЬ
Начальный элемент ввода Макарова
Часть имени, кроме начального элемента ввода М. А.
Дополнения к именам, кроме дат геолог, геохимия
Расширение инициалов личного имени Марина Александровна
Системный номер авторитетной/нормативной записи 267172
Идентификатор авторитетной/нормативной записи RU\NLR\AUTH\770267228
942 ## - ДОПОЛНИТЕЛЬНЫЕ ЭЛЕМЕНТЫ ЗАПИСИ (АБИС)
Тип экземпляра АБИС Книга
980 ## - КОЛЛЕКЦИЯ
Название коллекции Национальная библиография
Экземпляры
Тип экземпляра Дата поступления Источник поступления Библиотека постоянного хранения Библиотека текущего хранения Место хранения Шифр хранения Штрих-код Статус экземпляра
Книга 29.03.2024 Обязательный экземпляр РНБ (Московский) РНБ (Московский) Русский книжный фонд: издания с 1957 года 2019-4/6994 1-4534280  
Книга 29.03.2024 Обязательный экземпляр РНБ (Московский) РНБ (Московский) Русский книжный фонд: издания с 1957 года 2019-4/6994 1-4534219